书目信息 |
| 题名: |
企业资源计划(ERP)原理与实践
|
|
| 作者: | 张涛 主编 | |
| 分册: | ||
| 出版信息: | 北京 机械工业出版社 2020.03 |
|
| 页数: | 334页 | |
| 开本: | 26cm | |
| 丛书名: | ||
| 单 册: | ||
| 中图分类: | F727.7 | |
| 科图分类: | ||
| 主题词: | 商业经济--中国 | |
| 电子资源: | ||
| ISBN: | 7-111-64718-1 | |
| 000 | 00605nam0 2200193 450 | |
| 001 | 2372067751 | |
| 005 | 20230216200237.92 | |
| 010 | @a7-111-64718-1@dCNY45.00 | |
| 100 | @a20230216d2020 km y0chiy0120 ea | |
| 101 | 0 | @achi |
| 102 | @aCN@b110000 | |
| 200 | 1 | @a企业资源计划(ERP)原理与实践@AQi Ye Zi Yuan Ji Hua(ERP)Yuan Li Yu Shi Jian@f张涛主编@FZhang Tao Zhu Bian |
| 210 | @a北京@c机械工业出版社@d2020.03 | |
| 215 | @a334页@d26cm | |
| 606 | 0 | @a商业经济@x中国 |
| 690 | @aF727.7@v4 | |
| 701 | 0 | @a张涛@AZhang Tao@4主编 |
| 801 | 0 | @aCN@b大连网信软件有限公司图书馆·11@c20230216 |
| 905 | @aZUCC@dF727.7@e120=3 | |
| 企业资源计划(ERP)原理与实践/张涛主编.-北京:机械工业出版社,2020.03 |
| 334页;26cm |
| ISBN 7-111-64718-1:CNY45.00 |
| ● |
| 相关链接 |
|
|
|
|
正题名:企业资源计划(ERP)原理与实践
索取号:F727.7/120=3
 
预约/预借
| 序号 | 登录号 | 条形码 | 馆藏地/架位号 | 状态 | 备注 |
| 1 | 1052741 | 210527410 | 第一样本阅览室/ [索取号:F727.7/120=3] | 在馆 |